Mae West on sex, health and ESP (Record no. 34219)

MARC details
000 -LEADER
fixed length control field 00262nam a2200109Ia 4500
082 ## - DEWEY DECIMAL CLASSIFICATION NUMBER
Classification number 159.9
Item number WES
100 ## - MAIN ENTRY--AUTHOR NAME
Personal name Mae
245 #0 - TITLE STATEMENT
Title Mae West on sex, health and ESP
260 ## - PUBLICATION, DISTRIBUTION, ETC. (IMPRINT)
Place of publication London
Name of publisher W H Allen
Year of publication 1975
942 ## - ADDED ENTRY ELEMENTS (KOHA)
Koha item type Books
Holdings
Withdrawn status Lost status Damaged status Not for loan Home library Current library Date acquired Cost, normal purchase price Full call number Accession Number Koha item type
        RRII Library RRII Library 16/12/2021 64.60 159.9 WES 14658 Books